Normal view
MARC view
- Shigley, Joseph Edward.
Entry Personal Name
001 - CONTROL NUMBER
- control field: 81389
003 - CONTROL NUMBER IDENTIFIER
- control field: NUST
005 - DATE AND TIME OF LATEST TRANSACTION
- control field: 20210810161108.0
008 - FIXED-LENGTH DATA ELEMENTS
- fixed length control field: 210810|| aca||aabn | a|a d
040 ## - CATALOGING SOURCE
- Original cataloging agency: NUST
- Transcribing agency: NUST
100 ## - HEADING--PERSONAL NAME
- Personal name: Shigley, Joseph Edward.
- Title of a work: Mechanical engineering design
670 ## - SOURCE DATA FOUND
- Source citation: Work cat.: (NUST)31569: Budynas, Richard G. (Richard Gordon) 81388, Shigley's Mechanical Engineering Design /, c2008.
